| 000 | 00738cam a22002413a 4500 | ||
|---|---|---|---|
| 001 | 27320 | ||
| 003 | PGUSA | ||
| 005 | 20140828083606.0 | ||
| 008 | 081124s2008||||xxu|||||s|||||000 | eng d | ||
| 040 |
_aPGUSA _beng |
||
| 042 | _adc | ||
| 050 | 4 | _aLF | |
| 100 | 1 |
_aScott, Robert Forsyth, _d1849-1933 |
|
| 245 | 1 | 0 |
_aSt. John's College, Cambridge _h[electronic resource] / _cRobert Forsyth Scott |
| 260 |
_bProject Gutenberg, _c2008 |
||
| 506 | _aPublic domain in the USA. | ||
| 516 | _aElectronic text | ||
| 653 | _aSt. John's College (University of Cambridge) -- History | ||
| 700 | 1 |
_aNew, E. H. _q(Edmund Hort), _d1871-1931 |
|
| 830 | 0 |
_aProject Gutenberg _v27320 |
|
| 856 | 4 | 0 | _uhttp://www.gutenberg.org/ebooks/27320 |
| 942 | _cEB | ||
| 999 |
_c256575 _d256575 |
||